| 000 | 00590nam a2200229 a 4500 | ||
|---|---|---|---|
| 001 | 14229 | ||
| 003 | BD-JhCC | ||
| 005 | 20250213123147.0 | ||
| 008 | 250209b20202021E a|||| ||a| 000 0 eng d | ||
| 020 | _a1949759296 | ||
| 035 | _a(BD-JhCC)14229 | ||
| 040 |
_aBD-JhCC _dBD-JhCC |
||
| 041 | _aenglish | ||
| 082 |
_a158.1 _bSPA 2021 |
||
| 100 | _a Sparacino,Bianca | ||
| 245 |
_aA gentle reminder / _cBianca Sparacino. |
||
| 260 |
_aLondon: _bThought Catalog Books; _c2021. |
||
| 300 |
_a145 p . _c21 cm. |
||
| 650 | _aSelf-actualization (Psychology) | ||
| 942 |
_2ddc _cBK |
||
| 999 |
_c14229 _d14229 |
||